000 01388cam a2200433 a 4500
001 8357
003 FISKH
005 20250910090449.0
008 980203s1998 nyua b 000 1 eng
010 _a 98012342
020 _a0786803959
_qtrade
020 _a0786823453
_qlib. ed.
020 _a9780786803958
_q(trade)
020 _a9780786823451
_q(lib. ed.)
040 _aDLC
_cDLC
_dDLC
_beng
050 _aPZ7.W46843 Y
082 _a818
100 1 _aWells, Rosemary.
245 1 0 _aYoko /
_cRosemary Wells.
260 _aNew York :
_bHyperion Books for Children,
_c1998.
300 _a30 unnumbered pages :
_bcolor illustrations ;
_c23 cm
336 _atext
_btxt
_2rdacontent
337 _aunmediated
_bn
_2rdamedia
338 _avolume
_bnc
_2rdacarrier
505 _aN
520 _aWhen Yoko brings sushi to school for lunch, her classmates make fun of what she eats--until one of them tries it for himself.
521 8 _a580
_bLexile AD
521 8 _aN
_bRaz-Plus
650 1 _aFood
_vFiction.
650 1 _aSushi
_vFiction.
650 1 _aSchools
_vFiction.
650 1 _aCats
_vFiction.
650 1 _aAnimals
_vFiction.
650 1 _aJapanese Americans
_vFiction.
655 7 _aFiction.
_2lcgft
_0https://id.loc.gov/authorities/genreForms/gf2014026339
906 _a7
_bcbc
_corignew
_d1
_eocip
_f19
_gy-gencatlg
942 _2ddc
_cBK
_n0
999 _c8357
_d8357